=LDR 00000nam 2200000 4500 =001 INLIS000000000014885 =005 20130612110152 =008 ***********************************Ind** =035 ##$$0010-061300000014885 =041 ##$$a Ind =082 ##$$a 745.92 =090 ##$$a 745.92, Sub t =100 ##$$a Suprihatin =245 ##$$a Terampil membuat bunga kering, seri keterampilan menyulap limbah menjadi hiasan bernilai , Suprihatin;penyunting, Hermawan H. Nugroho =260 ##$$a 2003 $b Yogyakarta =300 ##$$a xii, 131 hlm, il, 24 cm =650 ##$$a Kerajinan tangan =700 ##$$a Hermawan H. Nugroho =850 ##$$a NBPNMAT